000 00575nam a2200241 a 4500
001 nice12345678
003 IN_TiNIC
005 20260116012032.0
008 050524s1879 luda grc 000 0 49g
020 _a
_c100
082 0 0 _a226.6
_bIMA
100 _aImaduddin, P
245 _aTafseer-E-Kitab-E-Aamal.
260 _aLudhiyana
_bAmerican Mission Press
_c1879
300 _a636p
500 _aincludes index and biblioraphy
505 2 _aReserve copies
650 _aBible-Acts
700 1 _aImaduddin, P
902 _bRBA
942 _cPC
999 _c5368
_d5368